Lectures on Complex Networks /

Salvato in:
Dettagli Bibliografici
Autore principale: Dorogovtsev, Sergey N. (Autore)
Natura: Libro
Lingua:inglese
Pubblicazione: Oxford Oxford University Press 2010
Serie:Oxford Master Series in Physics
Tags: Aggiungi Tag
Nessun Tag, puoi essere il primo ad aggiungerne!!

MARC

LEADER 00000nam a22000003a 4500
001 0030803
003 SK-STU
005 20180131100122.8
007 ta
008 180131s ----xo-----e------000-0-----d
020 |a 978-0-19-954893-4 
040 |a STU  |b slo 
041 0 |a eng 
044 |a xxk 
100 1 |a Dorogovtsev, Sergey N.  |4 aut 
245 1 0 |a Lectures on Complex Networks /  |c aut. Sergey N Dorogovtsev 
260 |a Oxford  |b Oxford University Press  |c 2010 
300 |a 134 s. 
490 0 |a Oxford Master Series in Physics 
996 |b 284M087596  |c M* 14085-1  |l MMKN  |s A  |a 24  |w 0030803_0001